00441 2200181 4500001002100000008004100021035002000062245002100082100001500103260003700118300002000155020002200175084001400197082000800211650001000219990001500229990001500244INLIS000000000003207 ind  a0010-1225000028 aSesukcTere Liye aLiye, Tere aDepok :bPT Sabak Grip Nusantara a328c13,5x20 cm a978-623-9987-88-6 a813 LIY s a813 aFiksi a19650/B/26 a19651/B/26